| 000 | 00614nam a22001337a 4500 | ||
|---|---|---|---|
| 040 | _cRUA | ||
| 082 | _aAGR TRY 1999 B023 Or.1 | ||
| 100 | _aTRY, RITHEA. | ||
| 245 | _aField screening rice varities for resistance to gall midge ពិសោធន៍តាមដានរកពូជស្រុវធន់នឺងការបំផ្លាញរបស់មូសផ្លុងក្នុងល័ក្ខខណ្ឌ័ស្រែ | ||
| 260 |
_aPhonm Penh _bRUA _c2001 |
||
| 300 |
_a46p. _bill _c29cm |
||
| 856 | _uhttps://drive.google.com/file/d/1o8xwSSk1T6wxFOCViZ_z_VBptCnH3PW3/view?usp=sharing | ||
| 942 | _cAGR | ||
| 999 |
_c404 _d404 |
||